المسائل الفقهية التي انفرد فيها المذهب الشافعي في الحج /إعداد، تركي بن سليمان صالح الخضيري
Saved in:
| Main Author: | |
|---|---|
| Other Authors: | |
| Format: | Thesis |
| Language: | Arabic |
| Published: |
Irbid : l-Jami'ah al-Urduniyah,
2005
|
| Subjects: | |
| Tags: |
Add Tag
No Tags, Be the first to tag this record!
|
| LEADER | 015180000a22002890004500 | ||
|---|---|---|---|
| 008 | 131202s2005 jo f 000 0 ara d | ||
| 040 | |a UIAM |b eng | ||
| 041 | |a ara | ||
| 050 | 0 | |a BP187.3 | |
| 100 | 1 | |a خضيري، تركي بن سليمان صالح | |
| 242 | 1 | 3 | |a al-Masa'il al-fiqhiyah allati infarada fiha al-madhhab al-Shafi'i fi al-hajj |
| 245 | 1 | 2 | |a المسائل الفقهية التي انفرد فيها المذهب الشافعي في الحج /إعداد، تركي بن سليمان صالح الخضيري |
| 260 | |a Irbid : l-Jami'ah al-Urduniyah, |c 2005 | ||
| 300 | |a vi, 208 leaves ; |c 30 cm. | ||
| 500 | |a "قدمت هذه الرسالة إستكمالا لمتظلبات الحصول على درجة الماجستير في الفقه وأصوله" --On t.p. | ||
| 502 | |a Thesis (M.A.)--Jami'at al-Urduniyah, 2005. | ||
| 504 | |a Includes bibliographical references (leaves 189-206). | ||
| 596 | |a 1 | ||
| 650 | 0 | |a Muslim pilgrims and pilgrimages | |
| 650 | 0 | |a Shafi'iyah | |
| 655 | |a Theses, Facsimile edition (Islamic) | ||
| 700 | 1 | |a Khudayri, Turki ibn Sulayman Salih | |
| 710 | 2 | |a Jami'ah al-Urduniyah. |b Kulliyat al-Dirasat al-'Ulya. Qism al-Fiqh wa 'Usulih | |
| 710 | 2 | |a جامعة الأردنية. |b كلية الدراسات العليا. قسم الفقه وأصوله | |
| 900 | |a arf-sar | ||
| 999 | |c 432961 |d 465347 | ||
| 952 | |0 0 |6 TI BP 000187.3 K45M 2005 |7 0 |8 THESES |9 754254 |a IIUM |b IIUM |c MULTIMEDIA |g 320.00 |o ti BP 187.3 K45M 2005 |p 00011276072 |r 2017-10-23 |t 1 |v 320.00 |y THESIS | ||
